000 00646cam a22002411i 4500
999 _c5062
_d5062
001 6545850
003 GBCCL
005 20241126110532.0
008 781005s1959 mau 000 0 eng
010 _a 59013355
035 _a(OCoLC)4265994
040 _aDLC
_cOkTOR
_dDLC
042 _apremarc
050 0 0 _aBS647
_b.R32
082 _a220..15
_bRAN
100 1 _aRand, Howard B.,
_d1889-
_99127
245 1 0 _aMarvels of prophecy.
260 _aMerrimac, Mass. :
_bDestiny Publishers,
_c[1959]
300 _a120 p. :
_c20 cm.
630 0 0 _aBible
_xProphecies.
_9457
906 _a7
_bcbc
_coclcrpl
_du
_encip
_f19
_gy-gencatlg
942 _2ddc
_cBK